00444 2200169 4500001002100000005001500021008004100036020001800077035001900095041000700114082001000121090001600131245003900147260003800186300001900224650003100243INLIS00000000001629020241224115109241224||||||||| | ||| |||| || |  a979-1471-73-8 0010-1224016290 aid0 a640.4 a640.4 TIM l00aLAUK KERING POPULER DAN TAHAN LAMA aTangerang.bDemedia Pustakac2008 a49 hlm;15x23cm 0aKesejahteraan Rumah Tangga